TEXT BOOK OF DRUG DESIGN AND DISCOVERY (Record no. 24828)

MARC details
000 -LEADER
fixed length control field 00400nam a22001697a 4500
003 - CONTROL NUMBER IDENTIFIER
control field SGT
020 ## - INTERNATIONAL STANDARD BOOK NUMBER
International Standard Book Number 9781420063226
082 ## - DEWEY DECIMAL CLASSIFICATION NUMBER
Classification number 615.1
Item number D11L
100 ## - MAIN ENTRY--PERSONAL NAME
Personal name LARSEN, POVL KROGSGAARD,ed.
245 ## - TITLE STATEMENT
Title TEXT BOOK OF DRUG DESIGN AND DISCOVERY
250 ## - EDITION STATEMENT
Edition statement 5TH
260 ## - PUBLICATION, DISTRIBUTION, ETC. (IMPRINT)
Place of publication, distribution, etc NEW YORK
Name of publisher, distributor, etc CRC PRESS
Year of Publication 2011
300 ## - PAGE DESCRIPTION
No. of Pages 460
650 ## - SUBJECT ADDED ENTRY--TOPICAL TERM
Topical term or geographic name as entry element PHARMACY
653 ## - KEYWORDS--INDEX TERM
Keyword term DRUG, DESIGN, DISCOVERY
942 ## - ADDED ENTRY ELEMENTS (KOHA)
Source of classification or shelving scheme Dewey Decimal Classification
Koha item type Books
Holdings
Withdrawn status Lost status Source of classification or shelving scheme Damaged status Use restrictions Not for loan Collection code Home library Current library Shelving location Date acquired Vendor Name Cost, normal purchase price SGTU Bill Number Full call number Accession No. (Barcode) Date last seen Bill Date Koha item type
    Dewey Decimal Classification   Restricted Access   PHARMACY SGT FA-FP Library SGT FA-FP Library Reference Book 21/08/2023 ABC PVT. 2295.00 SGTU 16724 615.1 D11L FP4636 21/08/2023 16/06/2023 Books